Normal view
MARC view
- Anderman, Eric M.
Entry Personal Name
001 - CONTROL NUMBER
- control field: 48644
003 - CONTROL NUMBER IDENTIFIER
- control field: OSt
005 - DATE AND TIME OF LATEST TRANSACTION
- control field: 20230712135159.0
008 - FIXED-LENGTH DATA ELEMENTS
- fixed length control field: 230712|| aca||aabn | a|a d
040 ## - CATALOGING SOURCE
- Original cataloging agency: OSt
- Transcribing agency: OSt
100 ## - HEADING--PERSONAL NAME
- Personal name: Anderman, Eric M.
- Relator term: author.
670 ## - SOURCE DATA FOUND
- Source citation: Work cat.: (OSt): Won, Sungjun. author. 48641, Longitudinal relations of classroom goal structures to students' motivation and learning outcomes in health education /, July 2020.
